Anar al contingut

Системы счисления и измерение информации учебное пособие

Пособие содержит изложение первых пяти практических тем курса «Основы программирования» с примерами выполнения заданий. Методические указания включают в себя теоретический материал, примеры практических заданий, контрольные вопросы и тестовые задания. Пособие соответствует программе курса «Основы пр...

Descripció completa

Guardat en:
Dades bibliogràfiques
Autor principal: Воробейчикова О. В.
Format: Книга
Idioma:Russian
Publicat: Томск СибГМУ 2017
Accés en línia:https://e.lanbook.com/book/113528
https://e.lanbook.com/img/cover/book/113528.jpg
Etiquetes: Afegir etiqueta
Sense etiquetes, Sigues el primer a etiquetar aquest registre!
LEADER 02375nam0a2200253 i 4500
001 113528
003 RuSpLAN
005 20221220174022.0
008 221220s2017 ru gs 000 0 rus
040 |a RuSpLAN 
041 0 |a rus 
044 |a ru 
080 |a 004.6/.7(075.8) 
084 |a 32.97я73  |2 rubbk 
245 0 0 |a Системы счисления и измерение информации  |b учебное пособие  |c Воробейчикова О. В. 
260 |a Томск  |b СибГМУ  |c 2017 
300 |a 98 с. 
504 |a Библиогр.: доступна в карточке книги, на сайте ЭБС Лань 
520 8 |a Пособие содержит изложение первых пяти практических тем курса «Основы программирования» с примерами выполнения заданий. Методические указания включают в себя теоретический материал, примеры практических заданий, контрольные вопросы и тестовые задания. Пособие соответствует программе курса «Основы программирования» в соответствии с Федеральным государственным образовательным стандартом 3+ высшего профессионального образования для студентов, обучающихся по специальности «Медицинская кибернетика». Пособие может быть использовано студентами специальностей «Медицинская биохимия», «Медицинская биофизика» МБФ, а также магистрантами направления подготовки «Биотехнические системы и технологии», желающими освоить приемы, используемые при построении алгоритмов. 
521 8 |a Книга из коллекции СибГМУ - Медицина 
100 1 |a Воробейчикова О. В. 
856 4 |u https://e.lanbook.com/book/113528 
856 4 8 |u https://e.lanbook.com/img/cover/book/113528.jpg 
953 |a https://e.lanbook.com/img/cover/book/113528.jpg